Normal view
MARC view
- Ignatavicius, Donna D.,
Entry Personal Name
001 - CONTROL NUMBER
- control field: 1331
003 - CONTROL NUMBER IDENTIFIER
- control field: URS
005 - DATE AND TIME OF LATEST TRANSACTION
- control field: 20220418144149.0
008 - FIXED-LENGTH DATA ELEMENTS
- fixed length control field: 220418|| aca||aabn | a|a d
040 ## - CATALOGING SOURCE
- Original cataloging agency: URS
100 ## - HEADING--PERSONAL NAME
- Personal name: Ignatavicius, Donna D.,
- Relator term: author.


































